<?xml version="1.0" encoding="UTF-8"?>
<collection xmlns="http://www.loc.gov/MARC21/slim">
 <record>
  <leader>02416nam a22002657a 4500</leader>
  <controlfield tag="001">NCT_52020</controlfield>
  <controlfield tag="008">180926b        xxu||||| |||| 00| 0 vie d</controlfield>
  <datafield tag="999" ind1=" " ind2=" ">
   <subfield code="c">2488</subfield>
   <subfield code="d">2488</subfield>
  </datafield>
  <datafield tag="020" ind1=" " ind2=" ">
   <subfield code="c">54000</subfield>
  </datafield>
  <datafield tag="082" ind1="0" ind2="4">
   <subfield code="2">23rd ed.</subfield>
   <subfield code="a">342.59707</subfield>
   <subfield code="b">Nh304</subfield>
  </datafield>
  <datafield tag="100" ind1="1" ind2=" ">
   <subfield code="a">Vũ Văn Nhiêm</subfield>
  </datafield>
  <datafield tag="245" ind1="1" ind2="0">
   <subfield code="a">Giáo trình bầu cử trong nhà nước pháp quyền</subfield>
   <subfield code="c">Vũ Văn Nhiêm</subfield>
  </datafield>
  <datafield tag="260" ind1=" " ind2=" ">
   <subfield code="a">Thành phố Hồ Chí Minh</subfield>
   <subfield code="b">Đại học Quốc gia Thành phố Hồ Chí Minh</subfield>
   <subfield code="c">2011</subfield>
  </datafield>
  <datafield tag="300" ind1=" " ind2=" ">
   <subfield code="a">317tr.</subfield>
   <subfield code="c">21cm</subfield>
  </datafield>
  <datafield tag="520" ind1="3" ind2=" ">
   <subfield code="a">Nội dung tài liệu gồm: Những vấn đề lý luận về bầu cử; vai trò của bầu cử trong nhà nước háp quyền; mối quan hệ giữa các đảng phái chính trị với bầu cử và các hệ thống bầu cử điển hình trên thế giới; chế độ bầu cử Việt Nam từ 1945 đến nay; đổi mới chế độ bầu cử Việt Nam trong điều kiện phát huy dân chủ, xây dựng nhà nước pháp quyền của dân, do dân, vì dân và trong xu thế hội nhập quốc tế.</subfield>
  </datafield>
  <datafield tag="653" ind1=" " ind2=" ">
   <subfield code="a">Luật học</subfield>
  </datafield>
  <datafield tag="942" ind1=" " ind2=" ">
   <subfield code="2">ddc</subfield>
   <subfield code="c">BK</subfield>
  </datafield>
  <datafield tag="952" ind1=" " ind2=" ">
   <subfield code="0">0</subfield>
   <subfield code="1">0</subfield>
   <subfield code="2">ddc</subfield>
   <subfield code="4">0</subfield>
   <subfield code="6">342_597070000000000_NH304</subfield>
   <subfield code="7">0</subfield>
   <subfield code="9">14165</subfield>
   <subfield code="a">000001</subfield>
   <subfield code="b">000001</subfield>
   <subfield code="d">2018-09-26</subfield>
   <subfield code="o">342.59707 Nh304</subfield>
   <subfield code="p">MD.02590</subfield>
   <subfield code="r">2018-09-26</subfield>
   <subfield code="v">54000.00</subfield>
   <subfield code="w">2018-09-26</subfield>
   <subfield code="y">BK</subfield>
  </datafield>
  <datafield tag="952" ind1=" " ind2=" ">
   <subfield code="0">0</subfield>
   <subfield code="1">0</subfield>
   <subfield code="2">ddc</subfield>
   <subfield code="4">0</subfield>
   <subfield code="6">342_597070000000000_NH304</subfield>
   <subfield code="7">0</subfield>
   <subfield code="9">14166</subfield>
   <subfield code="a">000001</subfield>
   <subfield code="b">000001</subfield>
   <subfield code="d">2018-09-26</subfield>
   <subfield code="o">342.59707 Nh304</subfield>
   <subfield code="p">MD.02593</subfield>
   <subfield code="r">2018-09-26</subfield>
   <subfield code="v">54000.00</subfield>
   <subfield code="w">2018-09-26</subfield>
   <subfield code="y">BK</subfield>
  </datafield>
  <datafield tag="952" ind1=" " ind2=" ">
   <subfield code="0">0</subfield>
   <subfield code="1">0</subfield>
   <subfield code="2">ddc</subfield>
   <subfield code="4">0</subfield>
   <subfield code="6">342_597070000000000_NH304</subfield>
   <subfield code="7">0</subfield>
   <subfield code="9">14167</subfield>
   <subfield code="a">000001</subfield>
   <subfield code="b">000001</subfield>
   <subfield code="d">2018-09-26</subfield>
   <subfield code="l">2</subfield>
   <subfield code="o">342.59707 Nh304</subfield>
   <subfield code="p">MD.02594</subfield>
   <subfield code="r">2019-12-07</subfield>
   <subfield code="s">2019-11-29</subfield>
   <subfield code="v">54000.00</subfield>
   <subfield code="w">2018-09-26</subfield>
   <subfield code="y">BK</subfield>
  </datafield>
  <datafield tag="952" ind1=" " ind2=" ">
   <subfield code="0">0</subfield>
   <subfield code="1">0</subfield>
   <subfield code="2">ddc</subfield>
   <subfield code="4">0</subfield>
   <subfield code="6">342_597070000000000_NH304</subfield>
   <subfield code="7">0</subfield>
   <subfield code="9">14168</subfield>
   <subfield code="a">000001</subfield>
   <subfield code="b">000001</subfield>
   <subfield code="d">2018-09-26</subfield>
   <subfield code="o">342.59707 Nh304</subfield>
   <subfield code="p">MD.02595</subfield>
   <subfield code="r">2018-09-26</subfield>
   <subfield code="v">54000.00</subfield>
   <subfield code="w">2018-09-26</subfield>
   <subfield code="y">BK</subfield>
  </datafield>
  <datafield tag="952" ind1=" " ind2=" ">
   <subfield code="0">0</subfield>
   <subfield code="1">0</subfield>
   <subfield code="2">ddc</subfield>
   <subfield code="4">0</subfield>
   <subfield code="6">342_597070000000000_NH304</subfield>
   <subfield code="7">0</subfield>
   <subfield code="9">14169</subfield>
   <subfield code="a">000001</subfield>
   <subfield code="b">000001</subfield>
   <subfield code="d">2018-09-26</subfield>
   <subfield code="o">342.59707 Nh304</subfield>
   <subfield code="p">MD.02596</subfield>
   <subfield code="r">2018-09-26</subfield>
   <subfield code="v">54000.00</subfield>
   <subfield code="w">2018-09-26</subfield>
   <subfield code="y">BK</subfield>
  </datafield>
  <datafield tag="952" ind1=" " ind2=" ">
   <subfield code="0">0</subfield>
   <subfield code="1">0</subfield>
   <subfield code="2">ddc</subfield>
   <subfield code="4">0</subfield>
   <subfield code="6">342_597070000000000_NH304</subfield>
   <subfield code="7">0</subfield>
   <subfield code="9">14170</subfield>
   <subfield code="a">000001</subfield>
   <subfield code="b">000001</subfield>
   <subfield code="d">2018-09-26</subfield>
   <subfield code="o">342.59707 Nh304</subfield>
   <subfield code="p">MD.02597</subfield>
   <subfield code="r">2018-09-26</subfield>
   <subfield code="v">54000.00</subfield>
   <subfield code="w">2018-09-26</subfield>
   <subfield code="y">BK</subfield>
  </datafield>
  <datafield tag="952" ind1=" " ind2=" ">
   <subfield code="0">0</subfield>
   <subfield code="1">0</subfield>
   <subfield code="2">ddc</subfield>
   <subfield code="4">0</subfield>
   <subfield code="6">342_597070000000000_NH304</subfield>
   <subfield code="7">0</subfield>
   <subfield code="9">14171</subfield>
   <subfield code="a">000001</subfield>
   <subfield code="b">000001</subfield>
   <subfield code="d">2018-09-26</subfield>
   <subfield code="o">342.59707 Nh304</subfield>
   <subfield code="p">MD.02598</subfield>
   <subfield code="r">2018-09-26</subfield>
   <subfield code="v">54000.00</subfield>
   <subfield code="w">2018-09-26</subfield>
   <subfield code="y">BK</subfield>
  </datafield>
  <datafield tag="980" ind1=" " ind2=" ">
   <subfield code="a">Thư viện Trường Đại học Nam Cần Thơ</subfield>
  </datafield>
 </record>
</collection>
